Understanding Analysis (Record no. 9613)

MARC details
000 -LEADER
fixed length control field 00525nam a22002057a 4500
003 - CONTROL NUMBER IDENTIFIER
control field OSt
005 - DATE AND TIME OF LATEST TRANSACTION
control field 20260330145643.0
008 - FIXED-LENGTH DATA ELEMENTS--GENERAL INFORMATION
fixed length control field 260330b |||||||| |||| 00| 0 eng d
020 ## - INTERNATIONAL STANDARD BOOK NUMBER
International Standard Book Number 9781493927111
040 ## - CATALOGING SOURCE
Transcribing agency DDC
082 ## - DEWEY DECIMAL CLASSIFICATION NUMBER
Classification number 515 ABB 2015
100 ## - MAIN ENTRY--PERSONAL NAME
Personal name Abbott, Stephen
9 (RLIN) 19555
245 ## - TITLE STATEMENT
Title Understanding Analysis
250 ## - EDITION STATEMENT
Edition statement 2nd ed.
260 ## - PUBLICATION, DISTRIBUTION, ETC. (IMPRINT)
Place of publication, distribution, etc. New York; Springer, 2015
300 ## - PHYSICAL DESCRIPTION
Extent xii,312p.; Ill: 24
504 ## - BIBLIOGRAPHY, ETC. NOTE
Bibliography, etc Bibliography, & index included
650 ## - SUBJECT ADDED ENTRY--TOPICAL TERM
Topical term or geographic name as entry element Numerical Analysis
9 (RLIN) 3742
942 ## - ADDED ENTRY ELEMENTS (KOHA)
Source of classification or shelving scheme Dewey Decimal Classification
Koha item type Open Shelf
Holdings
Withdrawn status Lost status Source of classification or shelving scheme Damaged status Not for loan Home library Current library Date acquired Source of acquisition Inventory number Total Checkouts Full call number Barcode Date last seen Koha item type
    Dewey Decimal Classification     MUST Main Library MUST Main Library 30/03/2026 Purchase 26/42610   515 ABB 2015 2026-0064 30/03/2026 Open Shelf
    Dewey Decimal Classification     MUST Main Library MUST Main Library 30/03/2026 Purchase 26/42611   515 ABB 2015 2026-0065 30/03/2026 Open Shelf